[Event "CZE-ch Open 2018"]
[Site "Ostrava"]
[Date "2018.04.30"]
[Round "3"]
[White "Kislinsky, Alexey"]
[Black "Gnida, Patrik"]
[Result "1-0"]
[WhiteElo "2509"]
[BlackElo "2165"]
[Annotator "TA"]
[PlyCount "89"]
[EventDate "2018.??.??"]
[EventCountry "CZE"]
[SourceTitle "playchess.com"]
[Source "ChessBase"]
[SourceQuality "1"]

{[%evp 16,89,16,1,12,0,0,0,8,10,14,9,31,30,36,44,43,42,66,61,61,56,101,99,106,103,101,104,105,90,93,93,83,83,114,95,106,120,138,125,124,121,131,87,111,87,116,125,134,134,141,127,220,200,200,196,260,284,329,313,338,317,862,862,854,783,916,900,1579,1516,2622,1284,29981,29982,29981,29982]} 1. e4 e5 2. Nf3 Nc6 3. Bc4 Be7 4. O-O d6 5. a4 Nf6 6. d3 O-O {C55: Two Knights: 4 d3, 4 d4 exd4 5 e5 and Max Lange Attack} 7. a5 (7. h3 Be6 8. Re1 Qd7 9. Nc3 h6 10. Be3 a6 11. Bxe6 fxe6 12. d4 exd4 13. Nxd4 Nxd4 14. Qxd4 Nh5 15. e5 {0-1 (71) Miton,K (2584)-Wang,H (2709) Riadh 2017}) 7... Be6 8. Nbd2 a6 9. c3 {LiveBook: 5 Games} d5 10. Bb3 $146 ({Predecessor:} 10. exd5 Bxd5 11. Re1 Bxc4 12. Nxc4 e4 13. dxe4 Qxd1 14. Rxd1 Nxe4 15. Be3 Rad8 16. Nd4 Nxd4 17. Bxd4 Bc5 {½-½ (17) Izrailev,A (2261)-Hermann,M (2320) Germany 2014}) 10... dxe4 11. dxe4 Qc8 12. Re1 Bxb3 13. Qxb3 Nd7 14. Qc2 Nc5 15. b4 Ne6 16. Nc4 Bf6 17. Bd2 Re8 18. Rad1 Nf4 19. Bxf4 exf4 20. e5 Be7 21. Qe4 g5 22. h4 h6 23. hxg5 hxg5 24. g3 Qh3 25. gxf4 gxf4 26. Qxf4 Kh8 27. Qh2 Rg8+ 28. Kh1 $1 Qxh2+ 29. Nxh2 Rad8 30. Rxd8 Rxd8 31. f4 {[%cal Bf2f4,Bf4f5][%mdl 32]} Bh4 {[#]} 32. Re3 $1 {[%cal Re3h3] Threatens to win with Rh3.} Kg7 {[#]} 33. Kg2 $1 Rd1 (33... Ne7 $16) 34. Nf3 Be7 35. f5 f6 (35... Kg8 $142 36. f6 Bf8) 36. e6 $18 Rc1 {intending ...Nxb4.} 37. Nfd2 Rc2 38. Kf3 Ne5+ $2 (38... Rc1 39. Ke2 Rh1) 39. Nxe5 fxe5 {[%mdl 4096] Endgame KRB-KRN} 40. Ne4 Rh2 41. Kg3 Rh6 42. Rd3 Bh4+ 43. Kf3 (43. Kg4 $142 Kf8 44. Rd7) 43... c5 44. Rd7+ Kf8 45. Rf7+ {Precision: White = 89%, Black = 44%.} 1-0

[Event "CZE-ch Open 2018"]
[Site "Ostrava"]
[Date "2018.04.30"]
[Round "3"]
[White "Simacek, Pavel"]
[Black "Vokac, Marek"]
[Result "1-0"]
[WhiteElo "2498"]
[BlackElo "2390"]
[Annotator "TA"]
[PlyCount "49"]
[EventDate "2018.??.??"]
[EventCountry "CZE"]
[SourceTitle "playchess.com"]
[Source "ChessBase"]
[SourceQuality "1"]

{[%evp 11,49,22,15,17,46,33,50,47,76,41,92,92,93,81,95,87,107,95,136,129,139,146,145,146,278,275,300,297,283,273,548,553,1111,1137,1523,1475,1415,1174,29988,29989]} 1. c4 e5 2. g3 c5 3. Bg2 Nc6 4. Nc3 d6 5. Nf3 (5. a3 Nf6 6. d3 Be7 7. Nf3 O-O 8. O-O h6 9. Rb1 Be6 10. b4 Qd7 11. Re1 b6 12. e3 e4 13. dxe4 Bxc4 14. bxc5 bxc5 15. e5 Ng4 16. Qa4 Ncxe5 17. Nxe5 Qxa4 18. Nxa4 Nxe5 19. Bxa8 Rxa8 {0-1 (50) Barbosa,O (2518)-Li,C (2720) chess.com INT 2017}) 5... Be6 6. d3 {A36: Symmetrical English vs ...g6: 4 Bg2 Bg7} Be7 {LiveBook: 3 Games} 7. a3 Qd7 8. Rb1 $146 {White is slightly better.} ({Predecessor:} 8. h3 Nf6 9. Ng5 Bf5 10. g4 Bg6 11. Rb1 h6 {1-0 (43) Vaulin,A (2516)-Hasangatin,R (2501) chessassistantclub.com INT 2004}) 8... Rc8 9. b4 {[%cal Bb2b4,Bb4b5][%mdl 32]} f6 10. Nd2 Nh6 (10... Bd8 $14) 11. Nd5 b6 12. Ne4 {[#] Black must now prevent Bxh6.} Nf7 13. Nec3 Bd8 14. b5 Na5 15. f4 O-O 16. O-O f5 17. e4 exf4 (17... fxe4 $16 18. Bxe4 g6) 18. Nxf4 $18 fxe4 {Threatening ...Bg4.} 19. Nxe6 ({Weaker is} 19. Bxe4 Bg4 $16) 19... Qxe6 20. Bxe4 {[#] Bf5 is the strong threat.} ({Much less strong is} 20. Nxe4 $6 Rb8 $16) 20... Qe5 $2 (20... Bf6 {is a better defense.}) 21. Qg4 Bf6 22. Nd5 Ng5 23. Nxf6+ gxf6 24. Bb2 Qe7 25. Bd5+ {Precision: White = 91%, Black = 15%.} 1-0

[Event "CZE-ch Open 2018"]
[Site "Ostrava"]
[Date "2018.04.30"]
[Round "3"]
[White "Cernousek, Lukas"]
[Black "Voloshin, Leonid"]
[Result "1/2-1/2"]
[WhiteElo "2464"]
[BlackElo "2370"]
[Annotator "TA"]
[PlyCount "25"]
[EventDate "2018.??.??"]
[EventCountry "CZE"]
[SourceTitle "playchess.com"]
[Source "ChessBase"]
[SourceQuality "1"]

{[%evp 17,25,28,33,16,14,6,19,26,18,-4]} 1. e4 e5 2. Nf3 Nc6 3. Bb5 Nf6 4. d3 d6 5. O-O Bd7 6. c3 g6 7. Re1 {C65: Ruy Lopez: Berlin Defence (3...Nf6), unusual lines and 4 0-0 Bc5} (7. h3 Bg7 8. Be3 O-O 9. Nbd2 Nh5 10. Ba4 Kh8 11. d4 f5 12. exf5 gxf5 13. dxe5 dxe5 14. Nxe5 Nxe5 15. Bxd7 Qxd7 16. Qxh5 {1-0 (30) Grischuk,A (2772)-Wang,H (2709) Huaian 2017}) 7... Bg7 8. h3 a6 9. Ba4 O-O {LiveBook: 10 Games} 10. Bg5 h6 $146 ({Predecessor:} 10... b5 11. Bc2 b4 12. Nbd2 bxc3 13. bxc3 Be6 14. Nf1 {1-0 (37) Cabrera Cabrera,N (1489)-Roig Roig,M Eivissa 2016}) 11. Bh4 Qe8 12. Nbd2 Nh5 13. Nf1 1/2-1/2

[Event "CZE-ch Open 2018"]
[Site "Ostrava"]
[Date "2018.04.30"]
[Round "3"]
[White "Jansa, Vlastimil"]
[Black "Simek, Petr"]
[Result "1-0"]
[WhiteElo "2450"]
[BlackElo "2378"]
[Annotator "TA"]
[PlyCount "95"]
[EventDate "2018.??.??"]
[EventCountry "CZE"]
[SourceTitle "playchess.com"]
[Source "ChessBase"]
[SourceQuality "1"]

{[%evp 24,95,0,0,0,0,10,0,0,0,7,0,6,9,1,20,10,0,0,0,6,0,0,-28,-14,-19,-3,-6,-16,-37,-3,-24,0,-33,6,12,71,54,56,32,110,57,60,72,62,77,189,164,150,119,127,107,106,114,110,106,243,241,238,245,247,235,450,427,358,398,472,470,542,562,531,512,1346,452]} 1. e4 e5 2. Nf3 Nc6 3. Bb5 a6 4. Ba4 Nf6 5. O-O Be7 6. Re1 b5 7. Bb3 O-O 8. a4 b4 9. d3 d6 10. a5 Be6 11. Nbd2 Rb8 12. Bc4 {C88: Closed Ruy Lopez: Anti-Marshall Systems} (12. Bxe6 fxe6 13. Nb3 Qc8 14. Qe2 Nd8 15. d4 exd4 16. Nbxd4 c5 17. Nb3 e5 18. Nbd2 Ne6 19. Nc4 Nd4 20. Nxd4 cxd4 {½-½ (43) Caruana,F (2807)-Carlsen,M (2822) Saint Louis 2017}) 12... Qc8 13. b3 {[#] LiveBook: 14 Games} Bxc4 $146 ({Predecessor:} 13... h6 14. Bb2 Re8 15. h3 Bf8 16. Nh4 Bxc4 17. bxc4 Nd7 18. Rf1 Qd8 19. Nf5 g6 {½-½ (45) Vallejo Pons,F (2716)-Sunilduth Lyna,N (2568) Douglas 2017}) 14. Nxc4 {The position is equal.} Rb5 15. Bb2 Nd7 16. d4 (16. Ne3 {is more complex.} Re8 17. Nd5 Nxa5 18. d4 Bf8 19. dxe5 dxe5 20. Qe2) 16... exd4 17. Nxd4 Nxd4 18. Bxd4 Bf6 19. Bxf6 Nxf6 20. Qd4 Re8 21. f3 Qb7 22. Rad1 h6 23. Re3 Qc6 24. Rde1 (24. Ree1 {seems wilder.} Nd7 25. Ne3 Nf8 26. Kh1 Ne6 27. Qa1) 24... Qc5 25. Qxc5 Rxc5 26. Rd1 Kf8 27. Kf2 g6 28. Rd4 Rb8 29. e5 dxe5 (29... Ne8 $1 $11) 30. Rxe5 $16 Rc6 31. Ne3 Ne8 (31... Rd6 $14 32. Rh4 Kg7) 32. Rc4 (32. Rh4 $16) 32... Rxc4 $14 33. Nxc4 {[%mdl 4096] Endgame KRN-KRN} Nd6 34. Nb2 Nf5 (34... Nb7 $16 {might work better.}) 35. Nd3 Ne7 36. Rc5 c6 37. Rc4 Rb5 38. Nxb4 Rxa5 39. Nxc6 Rd5 {[#]} (39... Nxc6 $16 40. Rxc6 Ke7 41. Rc7+ Ke6) 40. Rd4 $1 $18 Rxd4 41. Nxd4 {KN-KN} Ke8 42. c4 {[%cal Bc2c4,Bc4c5][%mdl 32]} a5 $2 (42... Kd7 {was worth a try.} 43. b4 Kd6) 43. Ke3 Kd7 44. c5 Nd5+ 45. Kd3 {White is clearly winning.} Nf4+ 46. Kc4 Nxg2 47. Kb5 Ne1 (47... Kc7 $142 48. Kxa5 Ne1) 48. Kxa5 {Precision: White = 27%, Black = 36%.} (48. Kb6 $142 Ke7 49. c6) 1-0

[Event "CZE-ch Open 2018"]
[Site "Ostrava"]
[Date "2018.04.30"]
[Round "3"]
[White "Neuman, Petr"]
[Black "Malik, Jan"]
[Result "1-0"]
[WhiteElo "2443"]
[BlackElo "2284"]
[Annotator "TA"]
[PlyCount "73"]
[EventDate "2018.??.??"]
[EventCountry "CZE"]
[SourceTitle "playchess.com"]
[Source "ChessBase"]
[SourceQuality "1"]

{[%evp 21,73,47,102,95,92,94,114,85,105,97,112,98,161,154,187,174,177,183,216,236,275,217,193,209,251,252,218,168,181,182,173,64,210,210,193,181,212,218,380,319,404,376,487,476,601,599,592,583,617,614,610,602,558,533]} 1. e4 c5 2. Nf3 d6 3. d4 cxd4 4. Nxd4 Nf6 5. f3 g6 6. Nc3 Bg7 7. Be3 Nc6 8. Qd2 O-O 9. O-O-O Nxd4 10. Bxd4 Be6 11. Kb1 Re8 {LiveBook: 3 Games. B76: Sicilian Dragon: Yugoslav Attack, 9 g4 and 9 0-0-0} (11... Rc8 $14) (11... Qc7 12. h4 Rfc8 13. h5 Qa5 14. hxg6 hxg6 15. a3 Rab8 16. Bd3 b5 17. Qg5 Qc7 18. e5 dxe5 19. Bxe5 Qc5 20. f4 Rb7 21. Bxg6 fxg6 22. Qxg6 Bf5 23. Qxf5 b4 24. Qe6+ Kf8 25. Bxf6 exf6 26. Rh5 Qc7 27. axb4 Rxb4 28. Rd7 Rxb2+ 29. Ka1 {1-0 (29) Sjugirov,S (2667)-Petrosian,T (2607) Moscow 2016}) 12. Bb5 $16 Rf8 13. Be2 Re8 $146 {White is better.} ({Predecessor:} 13... Qc7 14. h4 Rfc8 15. h5 Qa5 16. a3 Nxh5 17. Bxg7 Kxg7 {1-0 (45) Schut,H (2128)-Nguyen,K (2185) Hoogeveen 2016}) 14. a3 a6 15. g4 b5 16. h4 {[%cal Bh2h4,Bh4h5][%mdl 32]} Rb8 (16... Qa5 $16) 17. Nd5 $1 $18 Bxd5 18. exd5 a5 19. h5 $1 b4 20. a4 b3 21. hxg6 bxc2+ 22. Qxc2 fxg6 {[#]} 23. Bb5 $1 Rf8 24. Qe2 Rf7 25. Qe6 $36 {[%mdl 2048] Black is under strong pressure.} Qc8 {[#]} 26. Bc3 (26. Bb6 $1 $18) 26... Qxe6 (26... Ne8 $1 $14) 27. dxe6 Rff8 28. Bxa5 Ne8 29. Rd3 d5 $2 (29... Be5 {is a better defense.} 30. Rc1 h5 31. gxh5 gxh5) 30. Bb4 Nc7 31. Bxe7 Nxb5 32. Bxf8 {White is clearly winning.} ({Less strong is} 32. axb5 Rfe8 $16) 32... Nc3+ 33. Rxc3 Bxc3 34. Ba3 Bf6 35. e7 Re8 36. a5 Ra8 37. Bc5 {Precision: White = 70%, Black = 29%.} 1-0

[Event "CZE-ch Open 2018"]
[Site "Ostrava"]
[Date "2018.04.30"]
[Round "3"]
[White "Vykouk, Jan"]
[Black "Benes, Miroslav"]
[Result "1-0"]
[WhiteElo "2426"]
[BlackElo "2004"]
[Annotator "TA"]
[PlyCount "79"]
[EventDate "2018.??.??"]
[EventCountry "CZE"]
[SourceTitle "playchess.com"]
[Source "ChessBase"]
[SourceQuality "1"]

{[%evp 16,79,48,20,14,0,0,0,-7,-14,0,-12,39,35,45,6,8,12,29,36,56,66,78,79,146,106,106,108,105,106,107,110,171,110,124,112,198,201,215,216,211,221,216,213,212,197,221,206,254,254,254,254,286,263,254,254,361,346,429,420,369,329,1304,1276,717,679]} 1. e4 d5 2. exd5 Qxd5 3. Nc3 Qa5 4. d4 c6 5. Nf3 Bf5 6. Bc4 e6 7. O-O Nf6 8. Re1 Be7 9. Bf4 O-O {B01: Scandinavian Defence} 10. Qd2 {[#] Hoping for Nd5.} Bb4 11. a3 $146 {[%cal Ba2a3,Ba3a4,Ba4a5][%mdl 32]} ({Predecessor:} 11. Re5 Qd8 12. Bg5 Nbd7 13. Re3 Qc7 14. Bd3 Bd6 15. Ree1 Bg6 16. Ne4 Nxe4 17. Bxe4 {0-1 (44) Sikora Lerch,J (2395)-Pinkas,K (2345) Karvina 1992}) 11... Bxc3 $1 {The position is equal.} 12. bxc3 Rd8 13. Nh4 (13. Bd3 {feels hotter.} Nbd7 14. Reb1 b6 15. a4 Rac8 16. Qe2) 13... Nbd7 (13... Be4 $11) 14. Nxf5 $14 Qxf5 15. Bd3 Qa5 $1 16. a4 $36 {[%mdl 2048] White is pushing.} Nf8 17. Reb1 Rd7 18. c4 Qxd2 19. Bxd2 b6 (19... Rb8 $142) 20. Be3 Ng4 21. a5 Nxe3 22. fxe3 Rb8 23. axb6 axb6 (23... Rxb6 $16 {might work better.} 24. c5 Rxb1+ 25. Rxb1 e5) 24. Ra6 (24. c5 $18) 24... e5 $16 25. dxe5 Ng6 (25... c5 $16) 26. Rbxb6 $18 Rxb6 27. Rxb6 Kf8 28. Bxg6 ({Much less strong is} 28. Rxc6 $6 Nxe5 29. Rc8+ Ke7 $16) 28... hxg6 {[%mdl 4096] Endgame KR-KR} 29. Kf2 Rd2+ 30. Kf3 Rxc2 31. Rxc6 Ke7 32. h4 Kd7 33. Rc5 Ke6 34. g3 Rc1 35. Ke4 Rg1 (35... f5+ $142 36. exf6 gxf6) 36. Rc6+ Kd7 37. Rd6+ Kc7 38. Ra6 Rxg3 $2 {[#]} (38... Kb7 39. e6 fxe6 40. Rxe6 Rxg3) 39. Ra7+ Kc6 40. Rxf7 {Precision: White = 75%, Black = 42%.} 1-0

[Event "CZE-ch Open 2018"]
[Site "Ostrava"]
[Date "2018.04.30"]
[Round "3"]
[White "Zwardon, Vojtech"]
[Black "Kraus, Tomas"]
[Result "1/2-1/2"]
[WhiteElo "2409"]
[BlackElo "2429"]
[Annotator "TA"]
[PlyCount "114"]
[EventDate "2018.??.??"]
[EventCountry "CZE"]
[SourceTitle "playchess.com"]
[Source "ChessBase"]
[SourceQuality "1"]

{[%evp 19,114,-13,-31,-48,7,0,0,0,0,0,0,0,0,-18,0,-7,68,72,75,62,155,133,148,168,170,133,147,153,156,40,34,17,22,-218,0,-147,0,0,0,-75,-79,-82,58,0,132,122,106,-43,-17,-63,0,0,0,0,0,0,0,0,0,0,0,0,8,8,8,0,8,0,0,0,0,0,0,0,0,0,0,0,0,0,0,-39,-43,-41,5,0,0,0,148,147,147,50,50,30,30,30,31]} 1. c4 Nf6 2. g3 e6 3. Bg2 d5 4. Nf3 Be7 5. O-O O-O 6. b3 a5 7. cxd5 exd5 8. Bb2 a4 9. bxa4 Nbd7 10. Nc3 {A14: English Opening: 1...e6 with b3 by White} Nb6 {LiveBook: 9 Games} 11. Qb3 $146 ({Predecessor:} 11. d4 Nc4 12. Qc2 c6 13. Ne5 Nxb2 14. Qxb2 Qa5 15. Rab1 Ra7 16. f3 Rd8 17. Nd3 Ne8 {½-½ (79) Mista,A (2579)-Savic,M (2529) Paracin 2013}) 11... d4 (11... Ne4 $15) 12. Nxd4 $11 {The position is equal.} Qxd4 13. Nd5 $1 {[%cal Rd5e7]} Qxd5 14. Bxd5 Nfxd5 15. e4 Nf6 16. Rfc1 Be6 17. Qb5 Rxa4 ({Black should try} 17... Bd7 $11 18. Qe5 Bd8) 18. Rxc7 $14 Rb4 19. Qd3 Rd8 (19... Bd8 $1 $14 20. Bxf6 Bxf6) 20. Qc2 $1 $16 Rc4 21. Rxc4 Nxc4 22. Bc3 Na3 23. Qb2 b5 {[%cal Bb7b5,Bb5b4][%mdl 32]} 24. Re1 (24. f3 $16) 24... Rc8 $1 $14 25. d3 b4 $1 26. Be5 $2 (26. Bxb4 $11 Bxb4 27. Qxb4) 26... Ng4 $2 (26... Rc2 $19 27. Bxf6 gxf6) 27. Bxg7 (27. Re2 $11 {keeps the balance.}) 27... f6 ({Better is} 27... Rc2 $17 28. Qd4 Nxf2) 28. Bxf6 Nxf6 29. Qe5 (29. Qd2 $11) 29... Kf7 $17 30. d4 {[#]} Nc4 (30... Nc2 $1 $17 {[%cal Rc2e1]} 31. d5 Bg4) 31. Qg5 (31. Qf4 $14 Kg6 32. h4) 31... Rg8 (31... Rd8 $1 $11 32. d5 Bg4) 32. Qc1 Rc8 {White should prevent ...Ne5!} 33. d5 (33. e5 $16 Nd5 34. Qh6) 33... Bg4 {Threatens to win with ...Ne5.} 34. Qg5 {[#]} Bd6 (34... h6 $1 $15 {[%mdl 512]} 35. Qxh6 Ne5) 35. e5 $11 Nxe5 36. Rxe5 h6 37. Qe3 $1 Rc3 38. Qa7+ Rc7 39. Qd4 Bxe5 40. Qxe5 Re7 41. Qf4 {Threatening f3.} Re4 $132 {[%mdl 2048] Black is not keeping still} 42. Qc7+ Kg6 43. Kg2 Nxd5 44. Qc6+ Be6 45. f3 Re2+ 46. Kf1 Re3 47. Kf2 Kf6 48. Qc1 Kg7 49. g4 Rc3 50. Qd2 Nf6 {White must now prevent ...Bxg4!} 51. Qd4 Rc4 ({Don't play} 51... Bxa2 $6 52. Qxb4 Rc2+ 53. Kg3 $14) 52. Qb2 (52. Qe3 {with more complications.} Kf7 53. Qa7+ Nd7 54. Kg3 h5 55. h3) 52... Kf7 53. h4 Nxg4+ (53... Bd5 $11 {remains equal.}) 54. fxg4 $16 Rxg4 55. Ke3 (55. h5 $16) 55... h5 $1 $14 56. Qc2 {aiming for Qh7+.} Kg7 57. Qc5 Bf7 {Precision: White = 40%, Black = 45%.} 1/2-1/2

[Event "CZE-ch Open 2018"]
[Site "Ostrava"]
[Date "2018.04.30"]
[Round "3"]
[White "Svoboda, Svatopluk"]
[Black "Plat, Vojtech"]
[Result "0-1"]
[WhiteElo "2401"]
[BlackElo "2566"]
[Annotator "TA"]
[PlyCount "98"]
[EventDate "2018.??.??"]
[EventCountry "CZE"]
[SourceTitle "playchess.com"]
[Source "ChessBase"]
[SourceQuality "1"]

{[%evp 15,98,45,44,-36,-51,-45,-36,-46,20,4,96,94,94,98,96,95,85,18,38,29,33,22,46,35,69,49,45,51,96,23,29,32,40,45,48,42,41,47,33,29,78,7,37,0,0,-50,-54,-64,-56,-56,-59,-147,-124,-131,-85,-102,-105,-149,-141,-127,-89,-91,-76,-112,-111,-110,-111,-112,-108,-152,-140,-116,-78,-468,-472,-839,-806,-1000,-1005,-984,-978,-957,-920,-891,-808]} 1. e4 e5 2. Nf3 d6 3. d4 exd4 4. Nxd4 Nf6 5. Nc3 Be7 6. Bf4 O-O 7. Qd2 c6 8. O-O-O b5 {[%cal Bb7b5,Bb5b4][%mdl 32] LiveBook: 73 Games. C41: Philidor Defence} 9. e5 (9. f3 $14) (9. f3 b4 10. Nb1 d5 11. Bxb8 Rxb8 12. Nxc6 Qc7 13. Nxb8 dxe4 14. Na6 Qa5 15. Qd4 Bxa6 16. Bxa6 Qxa6 {0-1 (30) Odeev,H (2408)-Kazhgaleyev,M (2570) Ashkhabad 2017}) 9... dxe5 $15 10. Bxe5 $146 {And now Qg5 would win.} b4 {...Qa5 is the strong threat.Black is slightly better.} 11. Nb1 $1 Qd5 (11... c5 $15 12. Nf3 Qb6) 12. Qe1 {aiming for Bxb8.} (12. Qe2 $5 {[%cal Re5b8]}) 12... Nbd7 (12... Qxa2 $11 13. Bxb8 Nd5 14. Nxc6 Bg5+ 15. f4 Nxf4 16. Bxf4 Bxf4+ 17. Rd2 Bb7 18. Ne7+ (18. Nxb4 Qa1 $11) 18... Kh8) 13. Nf5 $16 Qxe5 14. Nxe7+ Kh8 15. Qxe5 $1 ({Much weaker is} 15. Nxc6 $6 Qc7 $11) 15... Nxe5 16. Nxc8 ({White should try} 16. Re1 $1 $16 {[%cal Re1e5]} Ng6 17. Nxc6) 16... Raxc8 17. Ba6 Rce8 18. Nd2 Nd5 19. h3 Re6 20. Nb3 Rf6 21. Rhe1 Ng6 22. Rd2 (22. Na5 $1 $16) 22... Nh4 $1 $11 23. Bf1 Rg6 $1 24. Nd4 {Hoping for g3.} Nxg2 25. Bxg2 Rxg2 26. Nxc6 Nf4 27. h4 h5 28. Nxb4 ({White should play} 28. Re4 $16 Nh3 29. b3 (29. Rxb4 Nxf2 30. c3 Rg1+ 31. Kc2 Ng4 $14)) 28... Rc8 29. Kd1 Rh2 30. f3 (30. b3 {is more complex.} Rxh4 31. c4 g5 32. Re5 Rh1+ 33. Kc2) 30... Rxh4 31. Nd5 Nxd5 32. Rxd5 $15 {[%mdl 4096] Endgame KRR-KRR} g6 33. Re2 (33. Rd7 $15) 33... Kg7 34. Kd2 Rh3 35. Rf2 h4 36. b3 Rh1 37. Ke3 Re8+ 38. Kf4 Rg1 39. Rh2 Kf6 {White must now prevent ...g5+.} 40. Rd6+ Re6 $1 41. Rxe6+ Kxe6 $17 {KR-KR} 42. c4 g5+ 43. Ke3 Kf5 44. Rc2 $2 {[%mdl 8192] [#]} (44. b4 $17) 44... h3 $1 $19 {Black is clearly winning.} 45. c5 {[#]} (45. Rh2 $142 g4 46. Kf2) 45... Re1+ $1 46. Kd4 Kf4 47. c6 Re8 ({Not} 47... Re7 48. Kd5 $11) 48. c7 Rc8 49. Kd5 Kxf3 {Precision: White = 37%, Black = 59%.} 0-1

[Event "CZE-ch Open 2018"]
[Site "Ostrava"]
[Date "2018.04.30"]
[Round "3"]
[White "Vlasak, Lukas"]
[Black "Malinovsky, Karel"]
[Result "0-1"]
[WhiteElo "2381"]
[BlackElo "2481"]
[Annotator "TA"]
[PlyCount "114"]
[EventDate "2018.??.??"]
[EventCountry "CZE"]
[SourceTitle "playchess.com"]
[Source "ChessBase"]
[SourceQuality "1"]

{[%evp 18,114,25,1,10,1,14,8,15,0,14,-12,11,4,33,-13,3,9,14,7,22,0,25,0,14,2,9,8,10,14,10,-8,1,0,16,0,0,-16,-9,-11,-12,-28,-25,-65,-54,-58,-49,-45,-52,-54,-32,-57,-25,-46,-16,-44,-44,-47,-32,-56,-47,-55,-53,-73,-57,-95,-90,-77,-75,-113,-96,-97,-70,-86,-67,-92,-104,-169,-168,-289,-286,-288,-260,-314,-312,-289,-273,-267,-265,-266,-260,-280,-295,-301,-296,-268,-268,-373,-339]} 1. d4 Nf6 2. Nf3 d5 3. Bf4 c5 4. e3 Nc6 5. Nbd2 e6 6. c3 cxd4 7. exd4 {D02: 1 d4 d5 2 Nf3 sidelines, including 2...Nf6 3 g3 and 2...Nf6 3 Bf4} Nh5 8. Bg5 f6 9. Be3 Bd6 10. Bb5 {LiveBook: 5 Games} Bd7 $146 ({Predecessor:} 10... O-O 11. O-O g6 12. Ne1 Qc7 13. g3 Ne7 14. Ndf3 Ng7 {1-0 (58) Karjakin,S (2781)-Grischuk,A (2761) Paris 2017}) 11. O-O g6 12. Re1 Ne7 13. Bf1 O-O 14. Qb3 Rb8 15. c4 Rf7 16. Rac1 Ng7 17. cxd5 exd5 18. Nb1 Ngf5 19. Bd2 Bc6 20. Bb4 Qb6 21. Bxd6 Qxb3 22. axb3 Nxd6 23. Nc3 Nef5 {[%cal Be7f5,Bf5g7,Bg7e8,Be8c7][%mdl 32]} 24. Bd3 Ng7 25. g3 Kf8 26. Ra1 a6 27. Ra5 Nge8 28. Nd2 Nc7 29. Nf1 Bb5 30. Nxb5 Ndxb5 31. Ra4 Re8 32. Rxe8+ Kxe8 33. Ne3 Rd7 34. Kf1 Kf7 35. Ke2 Rd6 36. Kd2 Na7 37. Be2 Rb6 38. Bd1 Nc6 39. Kd3 Ke6 40. f3 Kd6 41. h4 Ne6 42. Kc3 Ne7 43. Ra1 Rc6+ 44. Kd3 Rc8 45. f4 Nf5 46. Nxf5+ gxf5 $15 {[%mdl 4096] Endgame KRB-KRN} 47. Bf3 (47. Ke3 $17 {might work better.}) 47... Rg8 $19 48. Rg1 {[#]} (48. Ke3 {was worth a try.}) 48... Nxf4+ $1 {[%mdl 512]} 49. Ke3 (49. gxf4 Rxg1) 49... Ne6 50. Kd3 a5 51. Rg2 h6 52. Rg1 b6 53. Rg2 Rg7 54. Rg1 f4 55. g4 Nf8 56. Re1 {[#]} Ng6 $1 57. Re8 Nxh4 {Precision: White = 26%, Black = 59%.} 0-1

[Event "CZE-ch Open 2018"]
[Site "Ostrava"]
[Date "2018.04.30"]
[Round "3"]
[White "Cerveny, Martin"]
[Black "Haba, Petr"]
[Result "1/2-1/2"]
[WhiteElo "2379"]
[BlackElo "2454"]
[Annotator "TA"]
[PlyCount "67"]
[EventDate "2018.??.??"]
[EventCountry "CZE"]
[SourceTitle "playchess.com"]
[Source "ChessBase"]
[SourceQuality "1"]

{[%evp 17,67,0,3,0,0,0,0,0,7,0,0,-12,-7,-25,-13,-75,-54,-79,-59,-216,-217,-196,-218,-190,-2,0,0,-364,-134,-150,-147,-138,-153,-129,0,0,33,39,60,0,0,0,0,0,0,0,0,0,0,0,0,0]} 1. Nf3 d5 2. c4 c6 3. e3 Nd7 4. Nc3 Ngf6 5. Qc2 a6 6. d4 e6 7. Bd2 Bd6 8. g4 {D45: Semi-Slav: 5 e3} (8. e4 dxe4 9. Nxe4 Nxe4 10. Qxe4 c5 11. dxc5 Nxc5 12. Qc2 e5 13. b4 Ne6 14. c5 Bc7 15. Rd1 Qf6 {1-0 (48) Potkin,V (2621)-Korobov,A (2680) Dubai 2014}) 8... h6 9. Rg1 e5 {LiveBook: 3 Games} 10. cxd5 cxd5 11. dxe5 Nxe5 12. Nxe5 Bxe5 13. f4 $146 ({Predecessor:} 13. h3 Be6 14. O-O-O Rc8 15. f4 Bxc3 16. Bxc3 {0-1 (47) Tabatabaei,M (2482)-Lorparizangeneh,S (2454) Rasht 2015}) 13... Bd6 14. g5 hxg5 15. fxg5 Ng4 {White should prevent ...Be6.} 16. O-O-O (16. Nxd5 $11 {remains equal.} Bxh2 17. Qa4+ Bd7 18. Qe4+ Be6 19. Rxg4 Qxd5 20. Qxd5 Bxd5 21. Bg2 Bxg2 22. Rxg2) 16... Be6 $17 (16... Bxh2 17. Rg2 $11) 17. Kb1 Rc8 $36 {[%mdl 2048] Black is more active.} (17... Qxg5 $2 18. h3 $18) 18. e4 $2 (18. g6 $15) 18... d4 $19 (18... Bxh2 $2 19. exd5 Nf2 20. Re1 $18 (20. dxe6 Nxd1 21. Rh1 Nxc3+ 22. Bxc3 fxe6 $16)) (18... Rxh2 19. Rg2 $17) 19. Qa4+ Kf8 20. Nd5 {[#]} Bxd5 $2 (20... Rxh2 21. Qxd4 Nf2 22. g6 $17) (20... Nf2 $1 $19 {Strongly threatening ...b5.} 21. Ba5 b5 22. Qxd4 Qxa5 23. Qxf2 Bc5) 21. exd5 $11 Ne3 22. Rc1 $2 {[%mdl 8192]} (22. Bxe3 $1 $11 {and White is okay.} dxe3 23. h4) 22... Rxc1+ $2 ({Stronger than} 22... Nxd5 23. Qxd4 Rxc1+ 24. Bxc1 $14) (22... Bxh2 $19 23. Rg2 Rxc1+ 24. Bxc1 Nxg2 25. Bxg2 Rh4) 23. Bxc1 $17 Bxh2 ({Much worse is} 23... Rxh2 $6 24. Qxd4 Nf5 25. Qc3 $11) 24. Bxe3 Bxg1 25. Bxg1 {[#]} Qxg5 (25... Rh1 $1 $17 {[%cal Rh1g1]} 26. Qa3+ (26. Qxd4 $2 Qxg5 27. Qc5+ Kg8 $19) 26... Kg8) 26. Qd7 $11 {Kc2 is the strong threat.} Qe7 (26... Rh1 $5 27. Qc8+ $8 Ke7 28. Qxb7+ Kd8 29. Qb6+ Kd7 30. Qc6+ Kd8 31. Qd6+ Ke8 32. Qc6+ Kd8 33. Qd6+ Ke8 34. Qc6+ Kd8 $11) 27. Qc8+ Qe8 28. Qg4 ({White should try} 28. Qc5+ $14 Kg8 29. Kc2) 28... Qe1+ {The position is equal.} 29. Kc2 Qxf1 30. Qc8+ Ke7 31. Qc7+ Ke8 32. Qc8+ Ke7 33. Qc7+ Ke8 34. Qc8+ {Precision: White = 35%, Black = 58%.} 1/2-1/2